[Event "BCF-chT3 1415 (4NCL)"]
[Site "England"]
[Date "2015.03.21"]
[Round "8.99"]
[White "Doran, Chris"]
[Black "Collins, Jonathan L"]
[Result "1-0"]
[WhiteElo "2002"]
[BlackElo "1922"]
[PlyCount "93"]
[EventDate "2015.03.21"]
[EventType "team-swiss"]
[EventRounds "11"]
[EventCountry "ENG"]
[SourceTitle "EXT 2016"]
[Source "ChessBase"]
[SourceDate "2015.10.08"]
[SourceVersion "1"]
[SourceVersionDate "2015.10.08"]
[SourceQuality "1"]
[WhiteTeam "Holmes Chapel"]
[BlackTeam "Iceni II"]
[WhiteTeamCountry "ENG"]
[BlackTeamCountry "ENG"]

1. e4 Nc6 2. Nf3 e5 3. Bb5 d6 4. d4 exd4 5. Nxd4 Bd7 6. 0-0 Be7 7. c4 Nxd4 8. Bxd7+ Qxd7 9. Qxd4 Bf6 10. Qd3 Ne7 11. Nc3 Nc6 12. Nd5 Bd4 13. Rb1 a5 14. a3 Ba7 15. b4 axb4 16. axb4 Ne5 17. Qc3 c6 18. Ne3 f6 19. Rd1 Ng4 20. c5 Qe6 21. Nf5 0-0 22. Nxd6 Bb8 23. f3 Nh6 24. Nxb7 Qe7 25. Nd6 Nf7 26. Qc4 Kh8 27. Bf4 Ne5 28. Bxe5 fxe5 29. Nf5 Qg5 30. Kh1 g6 31. Nd6 Bxd6 32. cxd6 h5 33. d7 h4 34. Qe6 h3 35. Qxh3+ Kg7 36. Qg3 Qxg3 37. hxg3 Rfd8 38. b5 cxb5 39. Rxb5 Ra7 40. Rbd5 Kf6 41. Rd6+ Kf7 42. Kg1 g5 43. Kf2 g4 44. f4 exf4 45. gxf4 g3+ 46. Kxg3 Rg8+ 47. Kf3 1-0